Score 0/25 Timer 08:00
8 Plays Today
% Correct
Black Swan
93.9%
The Wolf of Wall Street
82.8%
Who Framed Roger Rabbit
74.6%
American History X
71.5%
Star Wars: The Force Awakens
59.2%
Catch Me If You Can
59%
The Shawshank Redemption
49.7%
Steve Jobs
43.4%
Twister
41%
Austin Powers: International Man of Mystery
40.7%
V for Vendetta
39.7%
The Cabin in the Woods
37.7%
The Great Dictator
36.7%
% Correct
O Brother, Where Art Thou?
36.7%
Interstellar
36.4%
Ed Wood
35.2%
The Bourne Ultimatum
34.6%
It's a Wonderful Life
33.9%
Trading Places
31%
Sicario
30%
Bruce Almighty
28.9%
Get Smart
27.5%
Hannibal
25.3%
Dredd
21.7%
Super 8
18.5%
Remove Ads.
Support Sporcle.
Get the best of Sporcle when you Go Orange. This ad-free experience offers more features, more stats, and more fun while also helping to support Sporcle. Thank you for becoming a member.

You're not logged in!

Compare scores with friends on all Sporcle quizzes.
OR
Log In

Show Comments

Extras

Top Quizzes Today


Score Distribution

Your Account Isn't Verified!

In order to create a playlist on Sporcle, you need to verify the email address you used during registration. Go to your Sporcle Settings to finish the process.

Report this User

Report this user for behavior that violates our Community Guidelines.

Details: